Hematology

Gespeichert in:
Bibliographische Detailangaben
1. Verfasser: William J. Williams
Format: Buch
Sprache:Undetermined
Veröffentlicht: New York McGraw-Hill 1983
Schlagworte:
Tags: Tag hinzufügen
Keine Tags, Fügen Sie den ersten Tag hinzu!
Thư viện lưu trữ: Trung tâm Học liệu Trường Đại học Cần Thơ
LEADER 00445nam a2200169Ia 4500
001 CTU_14876
008 210402s9999 xx 000 0 und d
082 |a 616.15 
082 |b W721 
100 |a William J. Williams 
245 0 |a Hematology 
245 0 |c William J. Williams 
260 |a New York 
260 |b McGraw-Hill 
260 |c 1983 
650 |a blood - diseases,hematology 
980 |a Trung tâm Học liệu Trường Đại học Cần Thơ